000 00332nam a22001457a 4500
008 240129b ||||| |||| 00| 0 eng d
020 _a0691050244
041 _aeng
080 _2VOLUME 29
_a101
082 _a101CHA
100 _a44
101 _aFILOZOFI
245 _aPHILOSOPHY PUBLIC AFFAIRS
_cJOSEPH CHAN
942 _2udc
_cBK
999 _c60564
_d60564